| 000 | 00906nam a2200229 a 4500 | ||
|---|---|---|---|
| 001 | 000041916 | ||
| 005 | 20201002035829.0 | ||
| 008 | 131022s1982 sp 000 0 spa d | ||
| 020 | _a8400054156 | ||
| 040 |
_aDO-SdBNP _bspa _cBNPHU |
||
| 245 | 0 | 3 |
_aEl Santuario de Juno en GABII : _bExcavaciones 1956-1969 / _cdirigido y editado por Martín Almagro Basch, Alberto Baul Iliana. |
| 260 |
_aRoma : _bEscuela Española de Historia y Arqueología, _c1982. |
||
| 300 |
_a624 p., ( LXXX) p. de lám : ; _c32 cm. |
||
| 490 | 1 |
_aBibliotheca italica _v17 |
|
| 500 | _aAnálisis de los hallasgo | ||
| 500 | _aIncluye índice | ||
| 504 | _aIncluye referencias bibliográficas y notas al pie de las páginas | ||
| 700 | 1 |
_aAlmagro Basch, Martín _968810 |
|
| 700 | 1 |
_aBaul Iliana, Alberto _968811 |
|
| 710 | 2 |
_aEscuela espñola de historia y arqueología en Roma _968812 |
|
| 830 | 0 |
_aBibliotheca italica _c17 _968813 |
|
| 999 |
_c41405 _d41405 |
||